Kto jest na feacie? Polski Rap/Trap !zefiren! - Statystyki

Ogólne statystyki
  • Ten quiz został rozwiązany 2 107 razy
  • Średni wynik to 12 z 18
Statystyki odpowiedzi
Piosenka Feat % Poprawnych
Quebonafide - Half Dead ReTo
99%
Otsochodzi - Nowy kolor Taco Hemingway
90%
Young Multi - Diamenty Bedoes
83%
Bedoes - Janosik Golec uOrkiestra
81%
Paluch - Kontrola jakości Szpaku
81%
Malik Montana - Jagodzianki Mr.Polska
80%
Filipek - Dementor Tymek
76%
Bedoes - Toy Story Rafonix
71%
Otsochodzi - Aha Pezet
65%
Szpaku - Lavender town Białas
64%
Smolasty - Uzależniony Otsochodzi
58%
PlanBe - Moda Quebonafide
56%
Young Igi - Lego Peja
55%
Szpaku - Żółwie Ninja Young Igi
54%
Żabson - Di Maria White2115
50%
Adi Nowak - Placebo DZIARMA
49%
Sobota - 6 rano Kabe
33%
Zeamsone - Metro Wac toja
21%
Nie znaleziono quizów pasujących do podanych kryteriów
Rozkład punktacji
Procent ludzi z każdym wynikiem
Percentyl według liczby udzielonych odpowiedzi
Twoja historia wyników
Nie rozwiązałeś tego quizu